<?xml version="1.0" encoding="UTF-8"?>
<record
    xmlns:xsi="http://www.w3.org/2001/XMLSchema-instance"
    xsi:schemaLocation="http://www.loc.gov/MARC21/slim http://www.loc.gov/standards/marcxml/schema/MARC21slim.xsd"
    xmlns="http://www.loc.gov/MARC21/slim">

  <leader>03774nam a2200277   4500</leader>
  <controlfield tag="003">DO-SdBJH</controlfield>
  <controlfield tag="005">20260630125004.0</controlfield>
  <controlfield tag="008">260623b2025    |||d|||| |||| 00| 0 spa d</controlfield>
  <datafield tag="040" ind1=" " ind2=" ">
    <subfield code="a">DO-SdBJH</subfield>
    <subfield code="b">spa</subfield>
    <subfield code="c">DO-SdBJH</subfield>
  </datafield>
  <datafield tag="041" ind1="0" ind2=" ">
    <subfield code="a">spa</subfield>
  </datafield>
  <datafield tag="090" ind1=" " ind2=" ">
    <subfield code="a">CT E-CEMA 0005</subfield>
    <subfield code="b">EGCEMA 2025</subfield>
  </datafield>
  <datafield tag="100" ind1="1" ind2=" ">
    <subfield code="a">Cedano Cede&#xF1;o, Wilkins  </subfield>
    <subfield code="e">sustentante</subfield>
  </datafield>
  <datafield tag="245" ind1="1" ind2="0">
    <subfield code="a">Rol de la Fuerza A&#xE9;rea de Rep&#xFA;blica Dominicana ante las amenazas emergentes en el dominio :</subfield>
    <subfield code="b">aeroespacial, periodo 2020-2024 / </subfield>
    <subfield code="c">Wilkins Cedano Cede&#xF1;o, &#xC1;ngel Mrds. P&#xE9;rez Pe&#xF1;a; asesor metodol&#xF3;gico Dominga Dolores M&#xE9;ndez Medina; asesor de contenido Manuel De Js. M&#xE9;ndez Mercedes.</subfield>
  </datafield>
  <datafield tag="260" ind1=" " ind2=" ">
    <subfield code="a">Santo Domingo, Rep&#xFA;blica Dominicana :</subfield>
    <subfield code="b">UNADE, </subfield>
    <subfield code="c">2025.</subfield>
  </datafield>
  <datafield tag="300" ind1=" " ind2=" ">
    <subfield code="a">xx, 129, [01] p&#xE0;ginas :</subfield>
    <subfield code="b">gr&#xE1;ficas.</subfield>
  </datafield>
  <datafield tag="502" ind1=" " ind2=" ">
    <subfield code="a">Tesis y trabajo de grado (Especialidad en Comando y Estado Mayor A&#xE9;reo) -- Universidad Nacional Para la Defensa "General Juan Pablo Duarte y D&#xED;ez", Escuela de Graduados de Comando y Estado Mayor A&#xE9;reo, Santo Domingo, 2025.</subfield>
  </datafield>
  <datafield tag="504" ind1=" " ind2=" ">
    <subfield code="a">Incluye referencias bibliogr&#xE1;ficas, ap&#xE9;ndice y anexos.</subfield>
  </datafield>
  <datafield tag="505" ind1=" " ind2=" ">
    <subfield code="a">Evoluci&#xF3;n del panorama de las amenazas emergentes en el Dominio Aeroespacial de Rep&#xFA;blica Dominicana --Capacidades tecnol&#xF3;gicas y estrategias operativas de la Fuerza A&#xE9;rea de Rep&#xFA;blica Dominicana --Acciones realizadas por la Fuerza A&#xE9;rea de Rep&#xFA;blica Dominicana para la optimizaci&#xF3;n y fortalecimiento del dominio aeroespacial ante las amenazas emergentes durante el periodo 2020-2024.</subfield>
  </datafield>
  <datafield tag="518" ind1=" " ind2=" ">
    <subfield code="a">La presente investigaci&#xF3;n analiza el rol de la Fuerza Armada de Rep&#xFA;blica Dominicana (FARD) frente a las amenazas emergentes que han impactado el dominio aeroespacial nacional durante el periodo 2020-2024. Este intervalo estuvo marcado por un incremento significativo de incursiones irregulares, uso il&#xED;cito de aeronaves no tripuladas, interferencias electr&#xF3;nicas y manifestaciones asociadas a riesgos h&#xED;bridos, lo que exigi&#xF3; a la instituci&#xF3;n fortalecer sus capacidades tecnol&#xF3;gicas, doctrinales y operativas. El estudio se desarrollo bajo un enfoque mixto, combinando datos cualitativos obtenidos mediante entrevistas a personal estrat&#xE9;gico incluido el Director de Defensa Aerea con informaci&#xF3;n cuantitativa procedentes de cuestionarios aplicados a 50 oficiales vinculados a las operaciones de vigilancia, comando y control. Este dise&#xF1;o metodol&#xF3;gico permiti&#xF3; identificar las brechas existentes entre la velocidad de evoluci&#xF3;n de las amenazas  y el nivel de preparaci&#xF3;n institucional para enfrentarlas. Los resultados muestran  que, pose a limitaciones presupuestarias hist&#xF3;ricas, la FARD ha avanzado en modernizaci&#xF3;n tecnol&#xF3;gica, integraci&#xF3;n de nuevos sistemas de vigilancia, fortalecimiento del patrullaje a&#xE9;reo y adecuaci&#xF3;n doctrinal para responder al dinamismo del entorno aeroespacial. Sin embargo, persisten desaf&#xED;os relevantes relacionados con la necesidad de incorporar tecnolog&#xED;as de detecci&#xF3;n avanzadas, plataformas anti drones, capacidades de ciberdefensas y esquemas mas robustos de coordinaci&#xF3;n interinstitucional. La investigaci&#xF3;n concluye que la complejidad del escenario aeroespacial actual demanda una visi&#xF3;n estrat&#xE9;gica que trascienda la vigilancia tradicional y avance hacia un modelo multidominio , resiliente y tecnol&#xF3;gicamente actualizado.</subfield>
  </datafield>
  <datafield tag="610" ind1="2" ind2="7">
    <subfield code="2">lemb</subfield>
    <subfield code="a">Fuerza A&#xE9;rea de Rep&#xFA;blica Dominicana</subfield>
    <subfield code="v">Tesis y disertaciones acad&#xE9;micas</subfield>
    <subfield code="x">Defensa aeroespacial</subfield>
    <subfield code="y">2020-2024</subfield>
    <subfield code="z">Rep&#xFA;blica Dominicana</subfield>
  </datafield>
  <datafield tag="650" ind1=" " ind2="7">
    <subfield code="2">lemb</subfield>
    <subfield code="a">Seguridad nacional</subfield>
    <subfield code="v">Tesis y disertaciones acad&#xE9;micas</subfield>
    <subfield code="x">Amenazas emergentes</subfield>
    <subfield code="x">Dominio aeroespacial</subfield>
    <subfield code="y">2020-2024</subfield>
    <subfield code="z">Rep&#xFA;blica Dominicana</subfield>
  </datafield>
  <datafield tag="700" ind1="1" ind2=" ">
    <subfield code="a">P&#xE9;rez Pe&#xF1;a, &#xC1;ngel Mrds.</subfield>
    <subfield code="e">sustentante</subfield>
  </datafield>
  <datafield tag="700" ind1="1" ind2=" ">
    <subfield code="e">M&#xE9;ndez Medina, Dominga Dolores</subfield>
    <subfield code="4">asesor metodol&#xF3;gico</subfield>
  </datafield>
  <datafield tag="700" ind1="1" ind2=" ">
    <subfield code="e">M&#xE9;ndez Mercedes, Manuel De Js.</subfield>
  </datafield>
  <datafield tag="942" ind1=" " ind2=" ">
    <subfield code="2">CL</subfield>
    <subfield code="c">T</subfield>
  </datafield>
  <datafield tag="999" ind1=" " ind2=" ">
    <subfield code="c">8715</subfield>
    <subfield code="d">8715</subfield>
  </datafield>
  <datafield tag="952" ind1=" " ind2=" ">
    <subfield code="0">0</subfield>
    <subfield code="1">0</subfield>
    <subfield code="2">CL</subfield>
    <subfield code="4">0</subfield>
    <subfield code="7">0</subfield>
    <subfield code="8">TG</subfield>
    <subfield code="a">BJHA</subfield>
    <subfield code="b">BJHA</subfield>
    <subfield code="c">GEN</subfield>
    <subfield code="d">2026-06-30</subfield>
    <subfield code="i">25-02636</subfield>
    <subfield code="l">0</subfield>
    <subfield code="o">CT E-CEMA 0005 EGCEMA 2025</subfield>
    <subfield code="p">25-02636</subfield>
    <subfield code="r">2026-06-30 13:06:20</subfield>
    <subfield code="t">e.1</subfield>
    <subfield code="w">2026-06-30</subfield>
    <subfield code="y">T</subfield>
  </datafield>
</record>
